000 00841nam a2200205 a 4500
001 000041792
005 20201002035746.0
008 131016s1993 sp 001 0 spa d
020 _a8400071239
040 _aDO-SdBNP
_bspa
_cBNPHU
100 1 _aDíaz Borrás, Andrés
_965582
245 1 0 _aLos orígenes de la piratería islámica en Valencia :
_bla ofensiva musulmana trecentista y la reacción cristiana /
_cAndrés Díaz Borrás.
260 _aBarcelona :
_bInstitució Milà i Fontanals,
_c1993.
300 _aXXIII, 335 p. ;
_c25 cm.
490 1 _aAnuario de estudios medievales.
_aanejo
_v28
500 _aIncluye índice
504 _aIncluye referencias bibliográficas y notas al pie de las páginas
710 2 _aInstitución Milá y Fontanals (Barcelona)
_968486
830 0 _aAnuario de estudios medievales.
_pAnejo ;
_v28
_964050
999 _c41281
_d41281